| 000 | 01418nam a22002897a 4500 | ||
|---|---|---|---|
| 003 | OSt | ||
| 005 | 20250319204253.0 | ||
| 008 | 250307b ||||| |||| 00| 0 eng d | ||
| 040 |
_bEnglish. _cCvSU-CCAT Campus Library. _erda. |
||
| 050 |
_aUM HF 5549.5.J63 _bB43 2008 |
||
| 100 |
_aBlanca, Blessie P., author. _914800 |
||
| 245 |
_aPerceptions on the level of job satisfaction of selected graduates of the Bachelor of Science in Industrial Education of Cavite State University - Rosario S.Y. 2001 - 2002 to 2005 - 2006 / _cBlessie P. Blanca, Mary Ann Joy A. Mapendan and Maria Shailini S. Toldoya. |
||
| 260 |
_aRosario, Cavite : _bCavite State University-CCAT Campus, _c2008 |
||
| 300 |
_axiii, 44 leaves : _billustrations ; _c28 cm |
||
| 500 | _aUndergraduate Thesis (BSIE) -- Cavite State University-CCAT Campus, 2008. | ||
| 504 | _aIncludes bibliographical references and appendices. | ||
| 546 | _aIn English text | ||
| 650 |
_aGraduates -- Job satisfaction. _915228 |
||
| 650 |
_aJob satisfaction. _96596 |
||
| 650 |
_aIndustrial education -- Career outcomes. _915229 |
||
| 650 |
_aGraduate employment-- Job satisfaction. _915230 |
||
| 700 |
_aMapendan, Mary Ann Joy A., author. _914801 |
||
| 700 |
_aToldoya, Maria Shailini S., author. _914802 |
||
| 700 |
_aBerbie, Lucila C., adviser. _98788 |
||
| 942 |
_2lcc _cT/M/D _kUM _hHF 5549.5.J63 B43 2008 |
||
| 999 |
_c3934 _d3934 |
||